000 nam a22 7a 4500
999 _c9837
_d9837
008 180208b ||||| |||| 00| 0 eng d
100 _aJain, G
_95923
245 _aNoble prize winner Literature
260 _aNew Delhi
_bThree ess Publication
_c2012